Score 0/16 Timer 01:30
0 Plays Today
Clue 4-Letter Word % Correct
____ DisneyWALT
97.1%
▃ Toy building block ▃▃ LEGO ▃
95.8%
Protects computers from viruses: Fire____WALL
95.1%
Graphic representation of a companyLOGO
91.6%
Hearing organsEARS
90%
Collared shirtPOLO
89.9%
Spring loaded jumping toyPOGO
88.1%
SurveyPOLL
84.7%
Clue 4-Letter Word % Correct
Cloth spread over a coffinPALL
81.7%
Give cautionary adviceWARN
77.5%
AcquireEARN
75.7%
▦ Frozen waffle brand ▦▦ EGGO ▦
72.2%
Makes mistakesERRS
71.2%
Super Mario Bros. 2 antagonistWART
68.2%
Consequently, thereforeERGO
67.2%
Centimeter-gram-second units of energyERGS
57.7%

Today's Daily Dose

Remove Ads.
Support Sporcle.
Get the best of Sporcle when you Go Orange. This ad-free experience offers more features, more stats, and more fun while also helping to support Sporcle. Thank you for becoming a member.

You're not logged in!

Compare scores with friends on all Sporcle quizzes.
OR
Log In

Show Comments

Extras

Top Quizzes Today


Score Distribution

Your Account Isn't Verified!

In order to create a playlist on Sporcle, you need to verify the email address you used during registration. Go to your Sporcle Settings to finish the process.

Report this User

Report this user for behavior that violates our Community Guidelines.

Details: